000 00584nam a2200253Ia 4500
003 OSt
005 20220912152444.0
006 a|||||r|||| 00| 0
007 ta
008 220909b |||||||| |||| 00| 0 eng d
024 _a46573
037 _cTextual
040 _aCSL
_beng
_cCSL
041 _aeng
082 _aE7, K75;1
100 _aReithel F J
245 0 _aConcepts in biochemistry
260 _c1967
300 _ap.
_ccm.
650 _a Biochemistry
650 _aChemistry
942 _hE7, K75;1
_cTEXL
_2CC
999 _c86425
_d86425